| 000 | 00604nam a2200193 u 4500 | ||
|---|---|---|---|
| 005 | 20250307063830.0 | ||
| 008 | 090629s2004 ag r 000 0 spa d | ||
| 020 | _a9871142723 | ||
| 035 | _aUPN01000171531 | ||
| 049 | _aCG | ||
| 050 | 4 |
_aHF1359 _bA5.3 |
|
| 100 | 1 |
_aAnder-Egg, Ezequiel, _d1930- _928724 |
|
| 245 | 1 | 0 |
_aGlobalización : _bel proceso en el que estamos metidos / _cEzequiel Ander-Egg. |
| 260 |
_aCórdoba, Arg. : _bBrujas, _c2004. |
||
| 300 | _a167 p. | ||
| 650 | 0 |
_aGlobalización _xAspectos económicos _94135 |
|
| 650 | 4 |
_aRelaciones económicas internacionales _98185 |
|
| 905 | _aLibro | ||
| 999 |
_c143636 _d143636 |
||